Frank Wood's Business Accounting 1
Saved in:
| Hovedforfatter: | |
|---|---|
| Format: | Bog |
| Udgivet: |
Pearson
|
| Tags: |
Ingen Tags, Vær først til at tagge denne postø!
|
MARC
| LEADER | 00000nam a2200000Ia 4500 | ||
|---|---|---|---|
| 005 | 20260515061615.0 | ||
| 100 | |a Sangster, Alan, | ||
| 020 | |a 9781292727783 | ||
| 942 | |c BK | ||
| 245 | |a Frank Wood's Business Accounting 1 | ||
| 260 | |b Pearson | ||
| 999 | |c 28 |d 28 | ||
| 952 | |0 0 |1 0 |4 0 |7 0 |a ABDN |b ABDN |d 2026-05-15 |l 0 |p 000060 |r 2026-05-15 06:16:15 |w 2026-05-15 |y BK | ||